000 00755 a2200205 4500
003 Nust
005 20221027110259.0
010 _a 85024378
020 _a9788120305991
040 _cNust
082 0 0 _a621.3,TOR
100 1 _aDel Toro, Vincent.
_9101471
245 1 0 _aElectrical engineering fundamentals /
_cVincent Del Toro.
250 _a2nd ed.
260 _aEnglewood Cliffs, NJ :
_bPrentice-Hall,
_cc1986.
300 _axvii, 921 p. :
_bill. ;
_c25 cm.
505 _aPart.1 Electric Circuit Theory (Page-24), Part.2 Electronics (Page-333), Part.3 Digital Systems (Page-465), Part.4 Electromechanical Part.5 Energy Conversion (Page-614), Feedback Control Systems (Page-818),
650 0 _aTelecommunication Engineering
942 _2ddc
_cBK
999 _c189270
_d189270